000 00385nam a2200133Ia 4500
005 20260328104337.0
008 260328s9999||||xx |||||||||||||| ||und||
100 _aÁngel, Marcela
245 0 _aCasa+Casa+Casa= ¿Ciudad? German Samper Una Investigación En Vivienda /
_cMarcela Ángel
260 _bUniversidad de los Andes
300 _a293 p.
650 _aARQUITECTOS
942 _cBK
999 _c11966
_d11966